000 01025nam a22002297a 4500
001 6575
003 FISKH
005 20250512121330.0
008 250512b cb ||||| |||| 00| 0 eng d
040 _aFISKH
_beng
_cFISKH
_dFISKH
100 _aHeadley, Robert K.
245 _aវចនានុក្រមខ្មែរ-អង់គ្លេស :
_bKhmer-English Dictionary /
_cBy Robert K.Headley,Jr. , Kylin Chhor , Lam Kheng Lim , Lim Hak Kheang and Chen Chun
250 _aបោះពុម្ពលើកទី២
260 _aភ្នំពេញ​​ :
_c២០១០ .
300 _a1275 pages :
_billustrations ;
_c21 cm .
520 _aPurpose: To assist in the translation and understanding of Khmer vocabulary in English, and to support bilingual education and cross-cultural communication.
650 _aខ្មែរ-អង់គ្លេស
_vវចនានុក្រម
650 _aKhmer-English
_vDictionary
700 _aChhor, Kulin
_eIllustrator
942 _2ddc
_cBK
_n0
999 _c6575
_d6575